000 00319nam a2200121Ia 4500
008 190415s9999 xx 000 0 und d
082 _aRL.0013
100 _aLakshmanna, C.
245 0 _aStudy of scheduled caste and scheduled tribe high school students in Andhra Prad
260 _c0
300 _a128p.
942 _cBK
999 _c21423
_d21423